<?xml version="1.0" encoding="UTF-8"?>
<record
    xmlns:xsi="http://www.w3.org/2001/XMLSchema-instance"
    xsi:schemaLocation="http://www.loc.gov/MARC21/slim http://www.loc.gov/standards/marcxml/schema/MARC21slim.xsd"
    xmlns="http://www.loc.gov/MARC21/slim">

  <leader>02546    a2200229   4500</leader>
  <controlfield tag="001">15470</controlfield>
  <controlfield tag="005">20260407155450.0</controlfield>
  <controlfield tag="008">260407a1986    arg                 spa d</controlfield>
  <controlfield tag="003">AR-UNSa-BCEJYS</controlfield>
  <datafield tag="040" ind1=" " ind2=" ">
    <subfield code="a">AR-UNSa-BCEJYS</subfield>
    <subfield code="b">spa</subfield>
    <subfield code="c">AR-UNSa-BCEJYS</subfield>
  </datafield>
  <datafield tag="080" ind1=" " ind2=" ">
    <subfield code="a">347.41</subfield>
    <subfield code="x">Obligaciones en general (civil)</subfield>
  </datafield>
  <datafield tag="245" ind1="1" ind2="0">
    <subfield code="a">Compendio de derecho de las obligaciones</subfield>
  </datafield>
  <datafield tag="020" ind1=" " ind2=" ">
    <subfield code="a">950-536-020-7</subfield>
  </datafield>
  <datafield tag="264" ind1=" " ind2="1">
    <subfield code="a">La Plata :</subfield>
    <subfield code="b">LEP (Librer&#xED;a Editora Platense)</subfield>
    <subfield code="c">1986</subfield>
  </datafield>
  <datafield tag="300" ind1=" " ind2=" ">
    <subfield code="a">2 v. (812, 990 p.)</subfield>
    <subfield code="c">23 cm.</subfield>
  </datafield>
  <datafield tag="505" ind1=" " ind2=" ">
    <subfield code="a">Vol. I: 1. Nociones generales - 2. Elementos de las obligaciones - 3. Efectos de las obligaciones - 4. Efectos de las obligaciones (conclusi&#xF3;n). La indemnizaci&#xF3;n del da&#xF1;o - 5. Derechos del acredor sobre el patrimonio del deudor - 6. Inejecuci&#xF3;n inimputable - 7. Clasificaci&#xF3;n - 8. Obligaciones de prestaci&#xF3;n determinada - 9. Obligaciones en cuanto a la naturaleza del objeto (continuaci&#xF3;n) - 10. Obligaciones de sujeto m&#xFA;ltiple o plurarl. Obligaciones divisibles e indivisibles - 11. Obligaciones de sujeto m&#xFA;ltiple o plural (continuaci&#xF3;n). Obligaciones simplemente mancomunadas y solidarias - 12. Obligaciones modales - 13. Obligaciones modales (conclusi&#xF3;n). Obligaciones prinicipales y accesorias -- Vol. II: 14. Transmisi&#xF3;n de las obligaciones - 15. Trasmisi&#xF3;n de las obligaciones (conclusi&#xF3;n) - 16. Reconocimiento de las obligaciones - 17. Medio de extinci&#xF3;n de las obligaciones. Generalidades - 18. Pago - 19. Pago por consignaci&#xF3;n - 20. Novaci&#xF3;n - 21. Daci&#xF3;n en pago - 22. Compensaci&#xF3;n - 23. Transaccion - 24. Confusi&#xF3;n - 25. Renuncia y remisi&#xF3;n de deuda - 26. Imposibilidad de pago - 27. Prescripci&#xF3;n extintiva - 28. Extinci&#xF3;n global de las obligaciones - 29. Fuentes de las obligaciones - 30. Actos &#xED;licitos y responsabilidad civil - 31. Deslinde de los campos de la responsabilidad contractual y delictual - 32. Elementos de la responsabilidad civil extracontractual: El da&#xF1;o - 33. Elementos de la responsabilidad civil extracontractual: La infracci&#xF3;n de un deber jur&#xED;dico - 34. Elementos de la responsabilidad civil extracontractual: Relaci&#xF3;n de causalidad e imputabilidad - 35. Responsabilidad por el hecho de otro - 36. Responsabilidad por el hecho de las cosas - 37. Ejercicio de la acci&#xF3;n indemnizatoria - 38. Relaciones entre la acci&#xF3;n civil y la penal</subfield>
  </datafield>
  <datafield tag="942" ind1=" " ind2=" ">
    <subfield code="c">BK</subfield>
  </datafield>
  <datafield tag="590" ind1=" " ind2=" ">
    <subfield code="a">niveau_biblio:m niveau_hierar:0</subfield>
  </datafield>
  <datafield tag="100" ind1="1" ind2=" ">
    <subfield code="a">Trigo Represas, F&#xE9;lix A</subfield>
  </datafield>
  <datafield tag="700" ind1="1" ind2=" ">
    <subfield code="a">Cazeaux, Pedro N.</subfield>
  </datafield>
  <datafield tag="856" ind1="4" ind2="1">
    <subfield code="u">https://biblioeco.unsa.edu.ar/pmb/images/libros/L119068.jpg</subfield>
    <subfield code="y">Imagen de portada</subfield>
    <subfield code="q">image/jpeg</subfield>
  </datafield>
  <datafield tag="999" ind1=" " ind2=" ">
    <subfield code="c">649</subfield>
    <subfield code="d">649</subfield>
  </datafield>
  <datafield tag="952" ind1=" " ind2=" ">
    <subfield code="0">0</subfield>
    <subfield code="1">0</subfield>
    <subfield code="4">0</subfield>
    <subfield code="7">0</subfield>
    <subfield code="a">BCEJYS</subfield>
    <subfield code="b">BCEJYS</subfield>
    <subfield code="c">16</subfield>
    <subfield code="d">2026-04-07</subfield>
    <subfield code="l">0</subfield>
    <subfield code="o">347.41 C386 v.1</subfield>
    <subfield code="p">L119068</subfield>
    <subfield code="r">2026-04-07 15:54:50</subfield>
    <subfield code="w">2026-04-07</subfield>
    <subfield code="y">L</subfield>
  </datafield>
  <datafield tag="952" ind1=" " ind2=" ">
    <subfield code="0">0</subfield>
    <subfield code="1">0</subfield>
    <subfield code="4">0</subfield>
    <subfield code="7">0</subfield>
    <subfield code="a">BCEJYS</subfield>
    <subfield code="b">BCEJYS</subfield>
    <subfield code="c">16</subfield>
    <subfield code="d">2026-04-07</subfield>
    <subfield code="l">0</subfield>
    <subfield code="o">347.41 C386 v.2</subfield>
    <subfield code="p">L119069</subfield>
    <subfield code="r">2026-04-07 15:54:50</subfield>
    <subfield code="w">2026-04-07</subfield>
    <subfield code="y">L</subfield>
  </datafield>
</record>
